Pokémon Z-Moves - Statistics

General Stats
  • This quiz has been taken 161 times
  • The average score is 20 of 35
Answer Stats
Hint Answer % Correct
Grassium Z Bloom Doom
92%
Electrium Z Gigavolt Havoc
86%
Firium Z Inferno Overdrive
85%
Normalium Z Breakneck Blitz
81%
Waterium Z Hydro Vortex
81%
Rockium Z Continental Crush
79%
Fightinium Z All-Out Pummeling
75%
Ghostium Z Never-Ending Nightmare
71%
Tapunium Z Guardian of Alola
68%
Steelium Z Corkscrew Crash
66%
Dragonium Z Devastating Drake
65%
Mimikium Z Let’s Snuggle Forever
63%
Fairium Z Twinkle Tackle
63%
Buginium Z Savage Spinout
62%
Icium Z Subzero Slammer
62%
Darkinium Z Black Hole Eclipse
61%
Flyinium Z Supersonic Skystrike
61%
Pikashunium Z 10,000,000 Volt Thunderbolt
58%
Incinium Z Malicious Moonsault
58%
Primarium Z Oceanic Operetta
58%
Groundium Z Tectonic Rage
56%
Eevium Z Extreme Evoboost
53%
Snorlium Z Pulverizing Pancake
51%
Poisonium Z Acid Downpour
50%
Decidium Z Sinister Arrow Raid
49%
Lycanium Z Splintered Stormshards
47%
Psychium Z Shattered Psyche
45%
Ultranecrozium Z Light That Burns The Sky
43%
Kommonium Z Clangorous Soulblaze
42%
Pikanium Z Catastropika
40%
Mewnium Z Genesis Supernova
39%
Marshadium Z Soul-Stealing 7-Star Strike
38%
Aloraichium Z Stoked Sparksurfer
36%
Lunalium Z Menacing Moonraze Maelstrom
34%
Solganium Searing Sunraze Smash
31%
No matching quizzes found
Score Distribution
Percent of People with Each Score
Percentile by Number Answered
Your Score History
You have not taken this quiz